Discursos leídos ante la Academia de la Historia, (Record no. 170721)
[ view plain ]
| 000 -LEADER | |
|---|---|
| campo de control de longitud fija | 01534nam a2200169 i 4500 |
| 001 - NÚMERO DE CONTROL | |
| campo de control | 170721 |
| 003 - IDENTIFICADOR DE NÚMERO DE CONTROL | |
| campo de control | ES-MaACL |
| 005 - FECHA Y HORA DE LA ÚLTIMA TRANSACCIÓN | |
| campo de control | 20230906214437.0 |
| 008 - DATOS DE LONGITUD FIJA--INFORMACIÓN GENERAL | |
| campo de control de longitud fija | 090401s18681872sp |||| | spa d |
| 080 ## - NÚMERO DE LA CLASIFICACIÓN DECIMAL UNIVERSAL | |
| Número de la Clasificación Decimal Universal | 94(460) |
| 110 2# - ENTRADA PRINCIPAL--NOMBRE DE ENTIDAD CORPORATIVA | |
| Nombre de entidad corporativa o nombre de jurisdicción como elemento de entrada | Real Academia de la Historia (España) |
| 9 (RLIN) | 6309 |
| 245 10 - MENCIÓN DEL TÍTULO | |
| Título | Discursos leídos ante la Academia de la Historia, |
| Fechas extremas/inclusivas | 1868-1872 / |
| Mención de responsabilidad, etc. | Real Academia de la Historia. |
| 260 ## - PUBLICACIÓN, DISTRIBUCIÓN, ETC. | |
| Lugar de publicación, distribución, etc. | Madrid : |
| Nombre del editor, distribuidor, etc. | [s.n.], |
| Fecha de publicación, distribución, etc. | 1868 ( |
| Fabricante | Imp. de José Rodríguez) |
| 300 ## - DESCRIPCIÓN FÍSICA | |
| Extensión | 1 v. ; |
| Dimensiones | 27 cm. |
| 505 8# - NOTA DE CONTENIDO CON FORMATO | |
| Nota de contenido con formato | Contiene: Estudios históricos / Antonio Benavides (38 p.). Crónica general de D. Alfonso el Sabio y los elementos que concurren a la cultura de la época / Juan Facundo Riaño (49 p.). Contestación / Eduardo Saavedra (p. 51-61). El pueblo extremeño / Vicente Barrantes (61 p.). Reyes Católicos / Antonio Cánovas del Castillo (p. 63-84). La expedición de los españoles a Dinamarca, a las órdenes del Marqués de la Romana / José Gómez de Arteche (59 p.). Contestación / Cayetano Rosell (p. 61-83). Antiguos bandos políticos desde el siglo XIII hasta fines del XV / Francisco de Cárdenas (43 p.). Contestación / José Amador de los Ríos (p. 48-78). Expediciones marítimas [s. XIV] / Francisco Javier de Salas (127 p. + 1 map. pleg.). Contestación / Aureliano Fernández-Guerra y Orbe (p. 130-200). Elogio de Don José Cornide de Saavedra / Carlos Ramón Fort (64 p. + 1 retr.). Elche / Marqués de Molins (99 p.). / Contestación / Antonio Benavides (p. 102-124). |
| 852 ## - LOCALIZACIÓN | |
| Ubicación | ES-MaACL |
| Número de control de estantería | K-119 |
| Nota libre | - Enc. pasta española |
| Estatus retirado | Estado de pérdida | Estado de daño | No para préstamo | Colección | Biblioteca de origen | Biblioteca actual | Ubicación en estantería | Fecha de adquisición | Total de préstamos | Signatura topográfica completa | Código de barras | Visto por última vez | Precio de reemplazo | Tipo de ítem Koha |
|---|---|---|---|---|---|---|---|---|---|---|---|---|---|---|
| Libros del s. XIX | Biblioteca del Ateneo de Madrid | Biblioteca del Ateneo de Madrid | Administración | 01/04/2009 | K-119 | 1179163 | 23/02/2023 | 23/02/2023 | Libro impreso antiguo |
